Načítá se...
Ethics in marketing /
| Hlavní autor: | |
|---|---|
| Médium: | Printed Book |
| Jazyk: | English |
| Vydáno: |
New Delhi:
ABD Publishers,
2013.
|
| Edice: | 272p. ;
|
| Témata: |
| LEADER | 00559 a2200169 4500 | ||
|---|---|---|---|
| 008 | 140828b xxu||||| |||| 00| 0 eng d | ||
| 020 | |a 9788183763950 | ||
| 082 | |a 174.4 | ||
| 100 | |a Rao, K.B. | ||
| 245 | |a Ethics in marketing / |c K. B. Rao | ||
| 260 | |c 2013. |b ABD Publishers, |a New Delhi: | ||
| 490 | |a 272p. ; |x 23 cm. | ||
| 650 | |a Business ethics | ||
| 650 | |a Marketing | ||
| 942 | |2 ddc |c BK | ||
| 999 | |c 102469 |d 102469 | ||
| 952 | |0 0 |1 0 |4 0 |6 174_400000000000000_RAO_E |7 0 |9 103097 |a UL |b UL |c ST1 |d 2013-10-18 |e 2 |g 696.50 |l 1 |o 174.4 RAO/E |p 90838 |r 2018-01-12 |s 2018-01-05 |v 995.00 |y BK | ||